La memoria como situación literaria, a propósito del personaje Óscar Amalfitano en la novela 2666 de Roberto Bolaño /

A partir del capítulo La Parte de Amalfitano de la novela 2666 de Roberto Bolaño se propone una lectura de la memoria como situación literaria. Interesa cómo opera una suerte de disolución del sujeto a partir del personaje que, en el espacio literario de la ficción, acontece como una de las tantas p...

Descripción completa

Detalles Bibliográficos
Autor principal: Coppola Palacios, Pavella
Formato: Analitica de revista
Publicado: Santiago, Chile Universidad Academia de Humanismo Cristiano. Escuela de Educación 2010
Materias:
Acceso en línea:Disponible en línea (PDF). Biblioteca Digital UAHC

MARC

LEADER 00000cab a2200000 a 4500
001 027298
003 UAHC_CL
005 20210909175940.0
008 100308b2010 cl 000 esp
040 |a UAHC_CL  |c UAHC_CL  |d UAHC_CL 
100 1 |a Coppola Palacios, Pavella 
245 1 3 |a La memoria como situación literaria, a propósito del personaje Óscar Amalfitano en la novela 2666 de Roberto Bolaño /  |c Pavella Coppola Palacios. 
260 |b Universidad Academia de Humanismo Cristiano. Escuela de Educación  |c 2010  |a Santiago, Chile 
300 |a p. 77-83 
500 |a En: Castalia, Revista de psicología de la Academia, nº17, 2010. p. 77-83. ISSN: 07174985. 
500 |a En: Castalia, Revista de psicología de la Academia, nº17, 2010. p. 77-83. ISSN: 07174985. 
520 |a A partir del capítulo La Parte de Amalfitano de la novela 2666 de Roberto Bolaño se propone una lectura de la memoria como situación literaria. Interesa cómo opera una suerte de disolución del sujeto a partir del personaje que, en el espacio literario de la ficción, acontece como una de las tantas posibilidades de pensar lo memorístico desde una mirada lógica no-lógica. 
520 |a A partir del capÌtulo La Parte de Amalfitano de la novela 2666 de Roberto BolaÒo se propone una lectura de la memoria como situaciÛn literaria. Interesa cÛmo opera una suerte de disoluciÛn del sujeto a partir del personaje que, en el espacio literario de la ficciÛn, acontece como una de las tantas posibilidades de pensar lo memorÌstico desde una mirada lÛgica noñlÛgica. 
600 1 4 |a BOLAÑO, ROBERTO  |d 1953-2003  |x CRITICA E INTERPRETACION 
600 1 4 |a BOLAÑO, ROBERTO  |d 1953-2003  |x CRITICA E INTERPRETACION 
650 4 |a NOVELA 
650 4 |a MEMORIA 
759 |a PP035 
773 0 |t Castalia : Revista de psicología de la Academia.  |w 027192 
856 |u http://bibliotecadigital.academia.cl/xmlui/handle/123456789/2927  |3 Disponible en línea (PDF). Biblioteca Digital UAHC  |y Disponible en línea (PDF). Biblioteca Digital UAHC 
856 |u http://bibliotecadigital.academia.cl/xmlui/handle/123456789/2927  |3 Disponible en línea (PDF). Biblioteca Digital UAHC  |y Disponible en línea (PDF). Biblioteca Digital UAHC 
900 |a CASTALIA-17/10 
942 |c REVA 
952 |0 0  |1 0  |4 0  |6 CASTALIA_17_10_000000000000000  |7 0  |8 General  |9 54564  |a BC  |b BC  |c General  |d 2017-08-03  |l 0  |o CASTALIA-17/10  |p FICTICIO17017  |r 2019-01-08 00:00:00  |t 1  |w 2017-08-03  |y REVA 
999 |c 27298  |d 27298